zpět

Detail výsledku týmu

U Lucerny ST, Brno

Datum a čas kvízu

21 Celkem bodů Celkový počet nahraných bodů na tomto kvízu bez doplňovacích otázek.
14. Pořadí na kvízu Konečné umístění týmu na tomto kvízu.

Zaznamenané odpovědi

# Otázka Odpověď Body Výsledky
1. Ve středu se v Praze konal již... Big Brother Awards (Ceny Velkého bratra) 1
2. Minulý týden se ve Spojených s... Joe Biden 1
3. Zahájení letošního ročníku fes... Oleh Sencov 0
4. V úterý byl vyhlášen Podnikate... Oliver Dlouhý 1
5. Naše reprezentantka Markéta Da... Denise Herrmannová 0
6. V následujících pěti otázkách... krokodýl 0
7. Desomorfin je syntetický opioi... v Rusku 1
8. Značka Crocs je známá předevší... v USA 0
9. Česká rodinná komedie Jak se k... Marie Poledňáková 1
10. Jak se jmenoval tento muž, zva... Bill Haley 0